Company Animals Quiz Stats

Quiz Updated Mar 12, 2012

Also try: Corporate Logos
Challenge
Share
Tweet
Embed
Score 0/30 Timer 05:00
1 Play Today
Company/Brand/Agency Animal % Correct
Frosted FlakesTiger
96.5%
CheetosCheetah
88.9%
Walt Disney Co.Mouse
86.9%
EnergizerBunny
86.7%
HootersOwl
85.7%
MGM StudiosLion
85.2%
Toys Я UsGiraffe
84.3%
United States Federal GovernmentEagle
82.2%
GeicoGecko
81.9%
AflacDuck
81.9%
US Democratic PartyDonkey
80.9%
Animal PlanetElephant
78.3%
US Forest ServiceBear
76.6%
NBCPeacock
73.8%
LacosteCrocodile
71.8%
Company/Brand/Agency Animal % Correct
Sirius Satellite RadioDog
69.3%
Froot LoopsToucan
68.1%
World Wildlife FundPanda
64.2%
PorscheHorse
63.2%
Pacific LifeWhale
59.5%
Vlasic PicklesStork
58.3%
StarkistTuna
53.7%
Qantas AirwaysKangaroo
47.9%
NasonexBee
41.8%
BacardiBat
39.8%
Abercrombie & FitchMoose
39.3%
BordenCow
39.2%
LamborghiniBull
38.1%
MSNButterfly
38%
Alfa RomeoSnake
28%

You're not logged in!

Compare scores with friends on all Sporcle quizzes.
Join for Free
OR
Log In

You Might Also Like...

Show Comments

Extras

Top Quizzes Today


Score Distribution

Your Account Isn't Verified!

In order to create a playlist on Sporcle, you need to verify the email address you used during registration. Go to your Sporcle Settings to finish the process.

Report this User

Report this user for behavior that violates our Community Guidelines.

Details: